| 000 | a | ||
|---|---|---|---|
| 999 |
_c90738 _d90737 |
||
| 005 | 20190702113234.0 | ||
| 008 | 190702b ||||| |||| 00| 0 eng d | ||
| 020 | _a9789351865568 | ||
| 080 |
_a954.04=H _bRIT |
||
| 100 | _aRitu kohli | ||
| 245 | _aDr. Syama prasad mookerjee aur kashmir samasya (डॉ श्यामाप्रसाद मुकर्जी और कश्मीर समस्या ) | ||
| 260 |
_aNew Delhi _bPrabhat prakashan _c2017 |
||
| 300 | _a312p. | ||
| 653 | _aEssays -Hindi literature | ||
| 653 | _aKashmir problem-syamaprasad mookerjee | ||
| 942 | _cBK | ||